Online katalóg knižníc regiónu Turca

Anin dar (Record no. 22291)

MARC details
000 -LEADER
fixed length control field 01460cam a2200409 a 4500
001 - CONTROL NUMBER
control field 22291
003 - CONTROL NUMBER IDENTIFIER
control field VRT
005 - DATE AND TIME OF LATEST TRANSACTION
control field 20260325125035.0
008 - FIXED-LENGTH DATA ELEMENTS--GENERAL INFORMATION
fixed length control field 240314s2011 xo g 000 f slo
015 ## - NATIONAL BIBLIOGRAPHY NUMBER
National bibliography number SNBA2012/04-02253
020 ## - INTERNATIONAL STANDARD BOOK NUMBER
International Standard Book Number 9788055124414
Qualifying information (viaz.)
035 ## - SYSTEM CONTROL NUMBER
System control number CE26C83F-E64E-4F33-B1E7-9F95229BA4C0
035 ## - SYSTEM CONTROL NUMBER
System control number urn:nbn:sk:snk-amjhuz
035 ## - SYSTEM CONTROL NUMBER
System control number urn:nbn:sk:snk-am001yq2
039 #9 - LEVEL OF BIBLIOGRAPHIC CONTROL AND CODING DETAIL [OBSOLETE]
Level of rules in bibliographic description 202403140934
Level of effort used to assign nonsubject heading access points VLOAD
Level of effort used to assign subject headings 202401091409
Level of effort used to assign classification msnk170
Level of effort used to assign subject headings 201808091656
Level of effort used to assign classification VLOAD
Level of effort used to assign subject headings 201508271354
Level of effort used to assign classification VLOAD
040 ## - CATALOGING SOURCE
Original cataloging agency SVKBB
Language of cataloging slo
Transcribing agency SVKBB
Modifying agency SNK
Description conventions AACR2
041 1# - LANGUAGE CODE
Language code of text/sound track or separate title slo
Language code of original eng
044 ## - COUNTRY OF PUBLISHING/PRODUCING ENTITY CODE
MARC country code xo
ISO country code SK
072 #7 - SUBJECT CATEGORY CODE
Subject category code 821.111(73)-3
Subject category code subdivision Americká próza
Source konspekt
080 ## - UNIVERSAL DECIMAL CLASSIFICATION NUMBER
Universal Decimal Classification number 821.111(73)-31
Edition identifier 2001
100 1# - MAIN ENTRY--PERSONAL NAME
Personal name Samartin, Cecilia,
Dates associated with a name 1961-
Relationship aut
240 10 - UNIFORM TITLE
Uniform title Vigil
Language of a work Slovensky
245 10 - TITLE STATEMENT
Title Anin dar
Statement of responsibility, etc. Cecilia Samartin ; [z anglického originálu preložila Gabriela Kozaróczy]
250 ## - EDITION STATEMENT
Edition statement [1. vyd.]
260 ## - PUBLICATION, DISTRIBUTION, ETC.
Place of publication, distribution, etc. Bratislava
Name of publisher, distributor, etc. Ikar
Date of publication, distribution, etc. 2011
300 ## - PHYSICAL DESCRIPTION
Extent 318 s.
Dimensions 21 cm
655 #7 - INDEX TERM--GENRE/FORM
Genre/form data or focus term americké romány
Source of term SNKPH
655 #7 - INDEX TERM--GENRE/FORM
Genre/form data or focus term American fiction
Source of term SNKPHeng
700 1# - ADDED ENTRY--PERSONAL NAME
Personal name Kozaróczy, Gabriela
Relationship trl
942 ## - ADDED ENTRY ELEMENTS (KOHA)
Source of classification or shelving scheme Dewey Decimal Classification
Koha item type Krásna literatúra pre dospelých
Suppress in OPAC No
949 ## - LOCAL PROCESSING INFORMATION (OCLC)
6 270001000383079
a svkbbA 131399
b svkbbm 718387
949 ## - LOCAL PROCESSING INFORMATION (OCLC)
6 17A0705074
a snkSC 145813
b snk2011/13597
o 1287/11
949 ## - LOCAL PROCESSING INFORMATION (OCLC)
6 2889173564
a savukPV 14875
b savuk2011/3019
949 ## - LOCAL PROCESSING INFORMATION (OCLC)
6 17A0717431
a snkSC 145813 D1
b snk2011/18683
o 1287/11
s 6100:20140925
980 ## - EQUIVALENCE OR CROSS-REFERENCE-SERIES STATEMENT--PERSONAL NAME/TITLE [LOCAL, CANADA]
Personal name 821.111(73)-31
Holdings
Stav vyradenia Strata Poškodenie Spôsob nadobudnutia Domovská knižnica Aktuálna knižnica Dátum nadobudnutia Cena Total checkouts Čiarový kód exemplára Date last seen Typ exemplára
      Kúpa Obecná knižnica Horná Štubňa Obecná knižnica Horná Štubňa 25.03.2026 10.50   9788055124414 25.03.2026 Krásna literatúra pre dospelých
Projekt je podporený Slovenskou asociáciou knižníc
Prevádzkuje Turčianska knižnica Martin 2026